000 002860000a22000970004500
100 1 _aRius-Camps, Josep
245 1 0 _aSimón (Pedro) se autoexcluye de la llamada de Jesús al seguimiento
300 _avol. 57, núm 1 (1999), Páginas 565-587
773 0 _tEstudios Bíblicos
942 _cANA
999 _c50302
_d50302